|
|
|
|
| LEADER |
00000nam a2200000 a 4500 |
| 001 |
vtls001312479 |
| 003 |
SK-MaSNL |
| 005 |
20260302033028.0 |
| 008 |
240314s1909 xx 0 und |
| 035 |
|
|
|a SNK000264878
|
| 040 |
|
|
|a SNK
|b slo
|c SNK
|e AACR2
|
| 041 |
0 |
|
|a und
|
| 044 |
|
|
|a xx
|
| 100 |
1 |
|
|a Zaymus, Cyril Gabriel,
|d 1843-1894
|4 aut
|9 200334
|
| 245 |
1 |
0 |
|a Prvá čítanka pre prvú triedu katolícko-slovenskýcj počiatočných škôl
|
| 260 |
|
|
|a Nagyszombat
|b Spolok sv. Vojtecha
|c 1909
|
| 300 |
|
|
|a 63 s.
|
| 958 |
|
|
|a ONDV
|
| 999 |
|
|
|c 1059802
|d 1061732
|
| 952 |
|
|
|a SNK
|b SNK
|y PREZ
|7 0
|p 17A0110064
|o snkSD 3646 D1
|i snkF 732/62
|8 5
|z Rok 1909
|0 0
|1 0
|4 0
|d 1997-11-27
|l 0
|r 2005-01-02 00:00:00
|w 2026-02-24
|